France Squad FIFA World Cup 2026 - Statistics

General Stats
  • This quiz has been taken 151 times
    14 since last reset
  • The average score is 22 of 27
Answer Stats
Position Club Name % Correct
RW PSG Desire Doue
100%
Manager ... Didier Deschamps
100%
RW Bayern Michael Olise
100%
GK AC Milan Mike Maignan
100%
CAM Man City Rayan Cherki
100%
CDM Real Madrid Aurelien Tchouameni
92%
CB Bayern Dayot Upamecano
92%
RB Barcelona Joules Kounde
92%
ST Real Madrid Kylian Mbappe
92%
LB PSG Lucas Hernandez
92%
ST PSG Ousmane Dembele
92%
LB Al Hilal Theo Hernandez
92%
CB Arsenal William Saliba
92%
RW PSG Bradley Barcola
83%
CB Liverpool Ibrahima Konaté
83%
LB Aston Villa Lucas Digne
83%
CDM Fenerbahce Ngolo Kante
83%
CM PSG Warren Zaire Emery
83%
ST Crytsal Palace Jean-Philippe Mateta
75%
RB Chelsea Malo Gusto
75%
ST Inter Milan Marcus Thuram
75%
CM AC Milan Adrien Rabiot
67%
GK Rennes Brice Samba
67%
CM AS Roma Manu Koné
67%
LW Monaco Maghnes Akliouche
50%
CM Crytsal Palace Maxence Lacroix
50%
GK Lens Robin Risser
33%
No matching quizzes found
Score Distribution
Percent of People with Each Score
Percentile by Number Answered
Your Score History
You have not taken this quiz since the last reset